Foucault and education : disciplines and knowledge
Αποθηκεύτηκε σε:
| Άλλοι συγγραφείς: | |
|---|---|
| Μορφή: | Βιβλίο |
| Γλώσσα: | English |
| Δημοσίευση: |
London ; New York :
Routledge,
1990
|
| Θέματα: | |
| Ετικέτες: |
Προσθήκη ετικέτας
Δεν υπάρχουν, Καταχωρήστε ετικέτα πρώτοι!
|
MARC
| LEADER | 00000cam a2200000 i 4500 | ||
|---|---|---|---|
| 001 | 1/88614 | ||
| 008 | 981113s1990 eng d | ||
| 020 | |a 0-415-05004-9 | ||
| 035 | |l 10035546 | ||
| 035 | |a 1993 |b 1 |c Βρατσάλης | ||
| 040 | |a GR-MY-UA |b gre |e aacr | ||
| 041 | 0 | |a eng | |
| 082 | 0 | |a 370.1 |2 (20) | |
| 245 | 1 | 0 | |a Foucault and education : |b disciplines and knowledge / |c edited by Stephen J. Ball |
| 260 | |a London ; New York : |b Routledge, |c 1990 | ||
| 300 | |a viii, 213 p.; |c 22 cm | ||
| 504 | |a Περιέχει βιβλιογραφικές παραπομπές και ευρετήριο | ||
| 600 | 1 | 0 | |a Foucault, Michel, |d 1926-1984. |
| 650 | 0 | 0 | |a Education |x Philosophy. |
| 650 | 0 | 0 | |a Education |x Social aspects. |
| 700 | 1 | |a Ball, Stephen J. |4 edt | |
| 852 | |a INST |b RHODES |e 19981113 |h 370.1 FOU |p 005400009622 |q 005400009622 |t BK |y 0 | ||
| 909 | |a Ρ |b 026674 |c 1993 | ||